Diseño e implementación de un sistema de control para 4 bombas sumergibles con capacidad de 10HP
El objetivo de este estudio consiste en el diseño e implementación de un sistema que estará conformado por 4 bombas sumergibles con capacidad de 10 HP gobernadas cada uno estará gobernada por un arrancador suave ATS22 marca Schneider. El sistema está diseñado para el bombeo de agua residual ut...
| Main Author: | |
|---|---|
| Other Authors: | |
| Format: | Tesis Section = Libro |
| Language: | Undetermined Spanish |
| Published: |
Managua
UNI
2022
|
| Subjects: |
| LEADER | 01286nam a2200253Ia 4500 | ||
|---|---|---|---|
| 008 | 240830s9999 xx 000 0 und d | ||
| 040 | |a BIBLIOTECA-RUSB/ Mon 621.3121 A526 | ||
| 041 | |a spa | ||
| 082 | |a Mon 621.3121 A526 | ||
| 100 | 1 | |a Ampie Altamirano, Delvin Enrique | |
| 245 | 1 | 0 | |a Diseño e implementación de un sistema de control para 4 bombas sumergibles con capacidad de 10HP |
| 260 | |a Managua |b UNI |c 2022 | ||
| 300 | |a 56 p. :il. | ||
| 500 | |a Contiene: anexos y CD. | ||
| 502 | |a Tesis (Ingeniero Eléctrico) - UNI, 2022. | ||
| 520 | 3 | |a El objetivo de este estudio consiste en el diseño e implementación de un sistema que estará conformado por 4 bombas sumergibles con capacidad de 10 HP gobernadas cada uno estará gobernada por un arrancador suave ATS22 marca Schneider. El sistema está diseñado para el bombeo de agua residual utilizando 3 bombas de control de nivel y una bomba esclava para respaldo con el objetivo de procurar el trabajo permanente del mismo y el control del nivel del agua en el cárcamo de bombeo. | |
| 650 | 7 | |a BOMBAS SUMERGIBLES | |
| 650 | 7 | |b BOMBEO DE AGUAS RESIDUALES | |
| 650 | 7 | |c CONTROL ELECTRICO | |
| 650 | 7 | |d ENERGIA ELECTRICA. | |
| 700 | 1 | |a Tutor: |b Dalla Torre, Cedrick | |
| 942 | |c BK |2 ddc | ||
| 991 | |a TESIS | ||
| 999 | |c 27516 | ||